Chi guarda l'autostrada - Statistics

Statistiche generali
  • Questo quiz è stato fatto 4 volte
  • Il punteggio medio è 3 su 3
Statistiche sulle risposte
Hint Risposta % Corretto
37% Christian Cavatorta
100%
19% Mrio Ammai
100%
100% Nishant Singh
50%
Nessun quiz corrispondente trovato
Distribuzione punteggi
Percentuale di utenti per punteggio
Percentile per numero di risposta
I tuoi punteggi nel tempo
Non hai fatto questo quiz